| 000 | 00727nam a2200265Ia 4500 | ||
|---|---|---|---|
| 003 | OSt | ||
| 005 | 20221007111933.0 | ||
| 006 | a|||||r|||| 00| 0 | ||
| 007 | ta | ||
| 008 | 221006b |||||||| |||| 00| 0 eng d | ||
| 020 | _a9788175348554 | ||
| 024 | _a24,582 | ||
| 037 | _cTextual | ||
| 040 |
_aLCO _cLCO _beng |
||
| 041 |
_2eng _aeng |
||
| 082 | _aZ2,985, P6 | ||
| 100 | _aGoodman Andrew | ||
| 245 | 0 | _aMediation Advocacy | |
| 260 |
_aDelhi _bUniversal Law Publishing Co. Pvt. Ltd. India _c2006 |
||
| 300 | _a153 | ||
| 650 |
_aMEDIATION ADVOCACY _9708650 |
||
| 700 |
_a Hammerton Alastair _9708651 |
||
| 942 |
_hZ2,985, P6 _cTEXL |
||
| 999 |
_c1194145 _d1194145 |
||